000 00515nam a2200169 4500
008 030721s1982 us eng
020 _a0802420591
090 _aBS2785.3
_bL96
100 1 _aLuck, G. Coleman
245 1 0 _aJames :
_bfaith in action /
_cG. Coleman Luck.
260 _aChicago :
_bMoody Press,
_cc1982, 1954.
300 _a124 p.
490 1 _aEveryman's Bible commentary
650 4 _aBible. N.T. James.
951 _p501
_x00004234
_oBS2785.3/L96
_j070613111254750
_d2000-12-21
_cGC
999 _c15998
_d15998